[Event "9. Lovsprings EMT Basis 3 1997"]
[Site "Ringsted"]
[Date "1997.03.14"]
[Round "1"]
[White "Hansen, John Brangstrup"]
[Black "Majlinder, Hans"]
[Result "1-0"]
[WhiteElo "1333"]
[BlackElo "1515"]
[PlyCount "65"]
[EventDate "1997.??.??"]

1. d4 f5 2. c4 e6 3. Nf3 Nf6 4. Nc3 Be7 5. Bf4 b6 6. g3 Bb7 7. Bg2 Nc6 8. Ne5
Rb8 9. Nxc6 dxc6 10. Qa4 O-O 11. Bxc6 Qxd4 12. Rd1 Qc5 13. Bxb7 Rxb7 14. Be3
Qb4 15. Qc6 Rbb8 16. Qxe6+ Rf7 17. Rd2 Re8 18. Nd5 Nxd5 19. Qxd5 Rd8 20. Qe5
Rxd2 21. Bxd2 Qxc4 22. O-O Bd6 23. Qc3 Qxa2 24. b3 Be5 25. Qe3 f4 26. gxf4 Bxf4
27. Qe8+ Rf8 28. Qe6+ Kh8 29. Bxf4 Qa5 30. Bxc7 Qb5 31. Rd1 h6 32. Be5 Re8 33.
Qxh6+ 1-0

[Event "9. Lovsprings EMT Basis 3 1997"]
[Site "Ringsted"]
[Date "1997.03.14"]
[Round "1"]
[White "Jensen, Agner2"]
[Black "Sparre, Otto"]
[Result "0-1"]
[WhiteElo "1364"]
[BlackElo "1396"]
[PlyCount "72"]
[EventDate "1997.??.??"]

1. e4 e5 2. Nf3 Nc6 3. Bb5 a6 4. Ba4 Nf6 5. d3 b5 6. Bb3 Be7 7. O-O O-O 8. a3
h6 9. Ba2 Kh8 10. b4 d6 11. Bb2 Be6 12. Nc3 Bxa2 13. Nxa2 Nd7 14. Nc3 Nb6 15.
Rb1 f5 16. exf5 Rxf5 17. Ne4 Qd7 18. d4 Nc4 19. dxe5 Nxb2 20. Rxb2 Nxe5 21.
Nfd2 Raf8 22. f3 Qc6 23. Kh1 d5 24. Ng3 R5f6 25. Qe2 Bd6 26. Ra2 Ng6 27. Qf2
Be5 28. Nb3 Rf4 29. Ne2 Rh4 30. h3 Qd6 31. Nbd4 Qb6 32. c3 Qf6 33. Rd2 Nf4 34.
Nxf4 Qxf4 35. g3 Rxh3+ 36. Kg2 Rxg3+ 0-1

[Event "9. Lovsprings EMT Basis 3 1997"]
[Site "Ringsted"]
[Date "1997.03.14"]
[Round "1"]
[White "Jensen, Finn Anker"]
[Black "Nielsen, Bjarne"]
[Result "0-1"]
[WhiteElo "1294"]
[BlackElo "1502"]
[PlyCount "43"]
[EventDate "1997.??.??"]

1. d4 Nf6 2. c4 c5 3. Nf3 cxd4 4. Nxd4 Nc6 5. Bf4 Qa5+ 6. Bd2 Qb6 7. Bc3 Ne4 8.
e3 Nxc3 9. Nxc3 e6 10. a3 a6 11. Na4 Qc7 12. Be2 Bd6 13. f4 e5 14. Nf5 Bf8 15.
c5 exf4 16. exf4 Qxf4 17. Nd6+ Bxd6 18. g3 Qe4 19. O-O Bxc5+ 20. Nxc5 Qe3+ 21.
Kg2 Qxc5 22. Bh5 0-1

[Event "9. Lovsprings EMT Basis 3 1997"]
[Site "Ringsted"]
[Date "1997.03.14"]
[Round "1"]
[White "Nielsen, Poul Erik2"]
[Black "Olsen, Brian"]
[Result "0-1"]
[WhiteElo "1360"]
[BlackElo "1514"]
[PlyCount "94"]
[EventDate "1997.??.??"]

1. c4 f5 2. d4 Nf6 3. Nc3 e6 4. Nf3 b6 5. d5 exd5 6. Nxd5 Bb7 7. a3 Nxd5 8.
cxd5 Be7 9. e3 O-O 10. Bc4 d6 11. Nd4 Bc8 12. O-O Qe8 13. b4 Bf6 14. Bb2 Kh8
15. Rb1 Qg6 16. Bd3 Bxd4 17. Bxd4 Bb7 18. Bc4 f4 19. Qf3 Qh6 20. e4 Nd7 21. Qh3
Qxh3 22. gxh3 Ne5 23. Bxe5 dxe5 24. f3 Bc8 25. Kg2 Rf6 26. Rg1 Rg6+ 27. Kf2
Rxg1 28. Kxg1 Bxh3 29. Rc1 Re8 30. Bb3 Re7 31. b5 h5 32. Bc4 g5 33. Be2 g4 34.
fxg4 hxg4 35. Kf2 f3 36. Bf1 Bxf1 37. Rxf1 Rg7 38. Rc1 Re7 39. Rc6 Kg7 40. Rc1
Kg6 41. Ra1 Kg5 42. a4 Kf4 43. Re1 Rh7 44. Kg1 g3 45. hxg3+ Kxg3 46. Re3 Rh2
47. Rc3 Ra2 0-1

[Event "9. Lovsprings EMT Basis 3 1997"]
[Site "Ringsted"]
[Date "1997.03.14"]
[Round "1"]
[White "Nilsson, Jonas Gosta"]
[Black "Reinager, Gunnar"]
[Result "1-0"]
[WhiteElo "1392"]
[BlackElo "1321"]
[PlyCount "87"]
[EventDate "1997.??.??"]

1. b4 e5 2. Bb2 Nf6 3. a3 d6 4. e3 b6 5. Nf3 Bb7 6. c4 Nbd7 7. Nc3 Be7 8. Be2
Rc8 9. O-O c6 10. Rc1 Rc7 11. d4 exd4 12. Nxd4 O-O 13. Rc2 Re8 14. Nf5 Nf8 15.
Rd2 Rd7 16. Bf3 Qc7 17. Ne2 Ne6 18. Nxe7+ Rexe7 19. Bxf6 gxf6 20. Nd4 Ng7 21.
Bg4 Rd8 22. Nf5 Nxf5 23. Bxf5 Bc8 24. Qg4+ Kh8 25. Bxc8 Rxc8 26. Qf4 Re6 27.
Rfd1 b5 28. cxb5 cxb5 29. h3 Rd8 30. Qf5 Qc3 31. Rd4 Kg7 32. R1d3 Qc1+ 33. Kh2
Qc7 34. Qxb5 d5+ 35. g3 a6 36. Qa4 Qe5 37. Qd1 Red6 38. Qg4+ Kh8 39. Rc3 Rg8
40. Rc8 Rdd8 41. Rxd8 Rxd8 42. Qf4 Rd6 43. Qh6 Qe8 44. Rf4 1-0

[Event "9. Lovsprings EMT Basis 3 1997"]
[Site "Ringsted"]
[Date "1997.03.14"]
[Round "1"]
[White "Petersen, Torben William"]
[Black "Mortensen, Orla Lind"]
[Result "0-1"]
[WhiteElo "1330"]
[BlackElo "1314"]
[PlyCount "61"]
[EventDate "1997.??.??"]

1. d4 e6 2. c4 d5 3. Nc3 Nf6 4. cxd5 exd5 5. Bg5 Be7 6. Nf3 c6 7. e3 Nbd7 8.
Bd3 h6 9. Bh4 O-O 10. O-O b6 11. Qc2 Bb7 12. Rab1 Ne8 13. Bxe7 Qxe7 14. b4 Nd6
15. b5 c5 16. dxc5 Nxc5 17. Rfd1 Rac8 18. Nxd5 Qe6 19. Nf4 Qe7 20. Nd4 Nxd3 21.
Qxd3 Be4 22. Nc6 Rxc6 23. Qa3 Rc5 24. Rb4 Nf5 25. Qb3 Kh7 26. Qb2 Rfc8 27. f3
Bb7 28. e4 Rc2 29. Qa3 Qc5+ 30. Kh1 Rc1 31. Qa4 0-1

[Event "9. Lovsprings EMT Basis 3 1997"]
[Site "Ringsted"]
[Date "1997.03.21"]
[Round "2"]
[White "Nielsen, Bjarne"]
[Black "Mortensen, Orla Lind"]
[Result "0-1"]
[WhiteElo "1502"]
[BlackElo "1314"]
[PlyCount "66"]
[EventDate "1997.??.??"]

1. d4 d5 2. c4 c6 3. Nc3 e5 4. cxd5 cxd5 5. e3 e4 6. Bb5+ Bd7 7. Qa4 Nf6 8.
Nge2 Nc6 9. a3 a6 10. Bxc6 Bxc6 11. Qd1 Bd6 12. O-O Ng4 13. Nf4 Qh4 14. h3 Nf6
15. Qb3 Qg5 16. Nfe2 O-O 17. Bd2 b5 18. f4 Qg6 19. Be1 a5 20. Bh4 a4 21. Qa2 b4
22. axb4 Bxb4 23. Nxa4 Rxa4 24. Qb3 Rxa1 25. Rxa1 Rb8 26. Nc3 Bd6 27. Qa2 h6
28. Qa6 Ra8 29. Qxc6 Rxa1+ 30. Kf2 Bb4 31. Bxf6 gxf6 32. Nxd5 Be1+ 33. Ke2
Qxg2# 0-1

[Event "9. Lovsprings EMT Basis 3 1997"]
[Site "Ringsted"]
[Date "1997.03.21"]
[Round "2"]
[White "Nielsen, Poul Erik2"]
[Black "Jensen, Finn Anker"]
[Result "1-0"]
[WhiteElo "1360"]
[BlackElo "1294"]
[PlyCount "103"]
[EventDate "1997.??.??"]

1. c4 c5 2. Nf3 g6 3. d4 Qb6 4. dxc5 Qxc5 5. e3 Bg7 6. Be2 Qb4+ 7. Qd2 Nc6 8.
a3 Qa5 9. O-O Nf6 10. b4 Ne4 11. Qa2 Qc7 12. Bb2 Bxb2 13. Qxb2 O-O 14. Nd4 Nxd4
15. exd4 Qf4 16. Bf3 Ng5 17. Be2 d6 18. Qd2 Ne6 19. d5 Qxd2 20. Nxd2 Nd4 21.
Bd3 Bf5 22. Bxf5 Nxf5 23. Rfe1 Rfe8 24. Nb3 b6 25. g4 Nh6 26. h3 e5 27. dxe6
fxe6 28. Nd4 Kf7 29. f4 Rac8 30. Nb5 Rc6 31. Rac1 Re7 32. Red1 Rd7 33. Nd4 Rc8
34. b5 e5 35. fxe5 dxe5 36. Rf1+ Kg8 37. Nc6 Nf7 38. Rcd1 Rdc7 39. h4 Re8 40.
Rfe1 e4 41. Rd4 e3 42. Kg2 Ne5 43. Rxe3 Kg7 44. Rxe5 Rxe5 45. Nxe5 Kf6 46. Nc6
h6 47. Rd6+ Kg7 48. Ne5 g5 49. hxg5 hxg5 50. Rg6+ Kh7 51. Rc6 Rf7 52. Nf3 1-0

[Event "9. Lovsprings EMT Basis 3 1997"]
[Site "Ringsted"]
[Date "1997.03.21"]
[Round "2"]
[White "Olsen, Brian"]
[Black "Hansen, John Brangstrup"]
[Result "1-0"]
[WhiteElo "1514"]
[BlackElo "1333"]
[PlyCount "59"]
[EventDate "1997.??.??"]

1. f4 c5 2. Nf3 Nc6 3. e3 d5 4. b3 Nf6 5. Bb2 e6 6. Be2 g6 7. O-O Bg7 8. a3 Rg8
9. d4 Nd7 10. Ne5 Qc7 11. Nd2 cxd4 12. exd4 f6 13. Nxc6 bxc6 14. c4 f5 15. Rc1
Qd8 16. Bf3 Nf6 17. cxd5 cxd5 18. Re1 Bh6 19. g3 g5 20. fxg5 Bxg5 21. Rc5 Bxd2
22. Qxd2 Ne4 23. Bxe4 fxe4 24. Rec1 Rg7 25. Qf4 Bd7 26. a4 Rc8 27. Ba3 Rxc5 28.
Rf1 Qe7 29. Bxc5 Qf7 30. Qb8+ 1-0

[Event "9. Lovsprings EMT Basis 3 1997"]
[Site "Ringsted"]
[Date "1997.03.21"]
[Round "2"]
[White "Petersen, Torben William"]
[Black "Jensen, Agner2"]
[Result "1-0"]
[WhiteElo "1330"]
[BlackElo "1364"]
[PlyCount "119"]
[EventDate "1997.??.??"]

1. d4 d5 2. Nf3 Nc6 3. c3 Nf6 4. e3 g6 5. c4 dxc4 6. Bxc4 e6 7. O-O Bg7 8. Qb3
O-O 9. Be2 b6 10. Nc3 Bb7 11. Bd2 Ne7 12. Rfc1 Ned5 13. Ne5 Nxc3 14. Bxc3 Rc8
15. Bb4 Re8 16. Bb5 Qd5 17. Qxd5 Nxd5 18. Bxe8 Rxe8 19. Bd2 c5 20. Nf3 Ne7 21.
Rc2 Bxf3 22. gxf3 cxd4 23. e4 d3 24. Rc7 Bxb2 25. Rd1 Be5 26. Rxa7 Nc6 27. Ra3
Nd4 28. Rxd3 Rc8 29. Kg2 b5 30. Be3 Nc2 31. Rd8+ Rxd8 32. Rxd8+ Kg7 33. f4 Bf6
34. Rb8 b4 35. e5 Be7 36. Rc8 Ne1+ 37. Kg3 h5 38. Bc5 h4+ 39. Kh3 Bxc5 40. Rxc5
Nd3 41. Rc2 Nxf4+ 42. Kg4 Nd3 43. Kxh4 Nxe5 44. Kg5 f6+ 45. Kf4 g5+ 46. Kg3 Nd3
47. Rc7+ Kg6 48. Rb7 Kf5 49. Rb5+ e5 50. Kf3 Nc1 51. Ra5 b3 52. a3 Nd3 53. Rb5
b2 54. Ke3 Ne1 55. Rxb2 Kg4 56. a4 f5 57. a5 Ng2+ 58. Kd2 e4 59. a6 e3+ 60.
fxe3 1-0

[Event "9. Lovsprings EMT Basis 3 1997"]
[Site "Ringsted"]
[Date "1997.03.21"]
[Round "2"]
[White "Reinager, Gunnar"]
[Black "Kroyer, Stefan M"]
[Result "1-0"]
[WhiteElo "1321"]
[BlackElo "1520"]
[PlyCount "49"]
[EventDate "1997.??.??"]

1. e4 c6 2. Nc3 d5 3. exd5 cxd5 4. g3 Nf6 5. d3 e6 6. a3 Nc6 7. Bg2 Bc5 8. Nf3
Bd7 9. Ne2 Rc8 10. b4 Bb6 11. Bb2 O-O 12. Qd2 Ng4 13. O-O Nf6 14. Rab1 a6 15.
Ba1 Na7 16. Ne5 Nb5 17. a4 Na7 18. Nxd7 Nxd7 19. c4 a5 20. cxd5 axb4 21. Qxb4
Ba5 22. Qd4 e5 23. Qxa7 b6 24. Qa6 Rc5 25. d6 1-0

[Event "9. Lovsprings EMT Basis 3 1997"]
[Site "Ringsted"]
[Date "1997.03.21"]
[Round "2"]
[White "Sparre, Otto"]
[Black "Nilsson, Jonas Gosta"]
[Result "0-1"]
[WhiteElo "1396"]
[BlackElo "1392"]
[PlyCount "74"]
[EventDate "1997.??.??"]

1. e4 e5 2. Nf3 Nc6 3. Bb5 d6 4. d4 exd4 5. Nxd4 Bd7 6. Nb3 g6 7. O-O Bg7 8.
Nc3 Ne5 9. Be2 Ne7 10. Na5 Qc8 11. f4 N5c6 12. Nb3 f5 13. e5 dxe5 14. fxe5 Nxe5
15. Bf4 O-O 16. Nd5 Nxd5 17. Bxe5 Ne3 18. Qd4 Nxc2 19. Qc4+ Be6 20. Qxc2 Bxe5
21. Nc5 Bf7 22. Bc4 Bd4+ 23. Kh1 Bxc5 24. Bxf7+ Rxf7 25. Qxc5 Qf8 26. Qb5 c6
27. Qb3 Kh8 28. Rad1 Re8 29. h4 Rfe7 30. g4 Qh6 31. Qc3+ Kg8 32. Qc4+ Kh8 33.
g5 Qg7 34. b3 Re4 35. Qd3 Rxh4+ 36. Kg2 Qe5 37. Rg1 Qh2+ 0-1

[Event "9. Lovsprings EMT Basis 3 1997"]
[Site "Ringsted"]
[Date "1997.04.04"]
[Round "3"]
[White "Hansen, John Brangstrup"]
[Black "Nielsen, Bjarne"]
[Result "0-1"]
[WhiteElo "1333"]
[BlackElo "1502"]
[PlyCount "110"]
[EventDate "1997.??.??"]

1. d4 g6 2. c4 Bg7 3. Nc3 d6 4. e4 Nc6 5. Be3 e5 6. d5 Nd4 7. Nge2 c5 8. dxc6
Nxc6 9. Nb5 Bf8 10. Qd2 a6 11. Nbc3 Be6 12. b3 Qa5 13. Nd5 Qxd2+ 14. Bxd2 Bxd5
15. cxd5 Nce7 16. Rc1 Rc8 17. g3 Rxc1+ 18. Bxc1 Nf6 19. f3 Nd7 20. b4 h5 21. h4
Nc8 22. Nc3 Be7 23. a4 Kd8 24. a5 Rf8 25. b5 axb5 26. Nxb5 Nc5 27. Ba3 f5 28.
Bg2 fxe4 29. fxe4 Nd3+ 30. Ke2 Rf2+ 31. Kxd3 Rxg2 32. Rh3 Kd7 33. Nc3 Rg1 34.
Ne2 Ra1 35. Bb4 Bd8 36. Bc3 Ra3 37. Kc4 Bxa5 38. Bxa5 Rxa5 39. Rh1 Rc5+ 40. Kb4
Rc2 41. Re1 Nb6 42. Nc3 Rb2+ 43. Ka3 Nc4+ 44. Ka4 Ke7 45. Nb5 Rg2 46. Rc1 Nb6+
47. Ka5 Nd7 48. Rc3 Re2 49. Rc4 b6+ 50. Ka6 Nc5+ 51. Kxb6 Rxe4 52. Nxd6 Kxd6
53. Rc2 Nd7+ 54. Kb5 Kxd5 55. Rf2 Ke6 0-1

[Event "9. Lovsprings EMT Basis 3 1997"]
[Site "Ringsted"]
[Date "1997.04.04"]
[Round "3"]
[White "Kroyer, Stefan M"]
[Black "Petersen, Torben William"]
[Result "1-0"]
[WhiteElo "1520"]
[BlackElo "1330"]
[PlyCount "85"]
[EventDate "1997.??.??"]

1. d4 d5 2. c4 e6 3. Nc3 Nf6 4. Nf3 c6 5. e3 Nbd7 6. cxd5 exd5 7. Bd3 Be7 8.
Qc2 O-O 9. Bd2 Qc7 10. O-O Re8 11. Rfe1 Nf8 12. e4 dxe4 13. Nxe4 Nxe4 14. Bxe4
Bd7 15. d5 c5 16. Bc3 Bd6 17. h3 b6 18. Ng5 Ng6 19. Rad1 Re7 20. Bf3 Rae8 21.
Rxe7 Rxe7 22. Ne4 Nh4 23. Be2 Bh2+ 24. Kh1 Qf4 25. g3 Qxe4+ 26. Qxe4 Rxe4 27.
Bd3 Ra4 28. Kxh2 Nf3+ 29. Kg2 Ng5 30. Re1 Bxh3+ 31. Kh1 f6 32. d6 Bd7 33. Re7
Bc6+ 34. Kh2 Nf3+ 35. Kh3 Ng5+ 36. Kh2 Nf3+ 37. Kh3 g5 38. Bxh7+ Kf8 39. Bxf6
g4+ 40. Kg2 Ne1+ 41. Kf1 Bg2+ 42. Kxe1 Re4+ 43. Bxe4 1-0

[Event "9. Lovsprings EMT Basis 3 1997"]
[Site "Ringsted"]
[Date "1997.04.04"]
[Round "3"]
[White "Mortensen, Orla Lind"]
[Black "Nilsson, Jonas Gosta"]
[Result "1/2-1/2"]
[WhiteElo "1314"]
[BlackElo "1392"]
[PlyCount "92"]
[EventDate "1997.??.??"]

1. e4 c5 2. Nf3 g6 3. d4 cxd4 4. Nxd4 Bg7 5. Be2 d6 6. O-O Bd7 7. c4 Nc6 8.
Nxc6 Bxc6 9. Bf3 Nf6 10. Nc3 Nd7 11. Nd5 Ne5 12. Be2 Rc8 13. Rb1 e6 14. Nc3 Qe7
15. Be3 b6 16. Bd4 O-O 17. f4 Nd7 18. Bxg7 Kxg7 19. b4 Nf6 20. Bf3 Ba8 21. Qb3
Qc7 22. e5 dxe5 23. Bxa8 Rxa8 24. Nb5 Qe7 25. fxe5 Ng4 26. Qg3 h5 27. h3 Nh6
28. Nd6 h4 29. Qf3 Ng8 30. c5 bxc5 31. bxc5 Qc7 32. Qf2 Rab8 33. Rbc1 Qc6 34.
Rb1 Qc7 35. Rb3 Rxb3 36. axb3 Nh6 37. Qf6+ Kh7 38. Ne4 Kg8 39. Qf4 Kg7 40. b4
Nf5 41. Nd6 Rb8 42. Qg5 Kg8 43. Qd2 Rd8 44. Qf4 Rb8 45. Qd2 Rd8 46. Rd1 a5
1/2-1/2

[Event "9. Lovsprings EMT Basis 3 1997"]
[Site "Ringsted"]
[Date "1997.04.04"]
[Round "3"]
[White "Reinager, Gunnar"]
[Black "Nielsen, Poul Erik2"]
[Result "0-1"]
[WhiteElo "1321"]
[BlackElo "1360"]
[PlyCount "142"]
[EventDate "1997.??.??"]

1. e4 c5 2. Nf3 d6 3. Nc3 Nf6 4. b3 g6 5. Rb1 Bg7 6. d3 Nc6 7. Bb2 Qa5 8. Qc1
Nd4 9. Be2 Nxe2 10. Kxe2 Bg4 11. h3 Be6 12. Re1 b5 13. Kf1 O-O 14. e5 Nd7 15.
Nd1 d5 16. d4 Rac8 17. b4 cxb4 18. Qd2 Qa4 19. c3 bxc3 20. Bxc3 Bf5 21. Rb4 Qa6
22. Qb2 Bd3+ 23. Kg1 Bc4 24. Ne3 e6 25. a3 Rfd8 26. Ra1 Bf8 27. Nxc4 Bxb4 28.
axb4 Qc6 29. Nd6 Qxc3 30. Qxc3 Rxc3 31. Nxb5 Rb3 32. Nxa7 Ra8 33. Ra5 Rxb4 34.
Rb5 Rxb5 35. Nxb5 Ra1+ 36. Kh2 Ra2 37. Kg3 Nb6 38. Nd6 Nc4 39. Ne8 Ra3 40. Kg4
h6 41. Nf6+ Kf8 42. h4 Rd3 43. Kf4 Nb6 44. Ng4 Kg7 45. Nf6 Nc8 46. Ne8+ Kh8 47.
Nd6 Ne7 48. Nxf7+ Kg7 49. Nd8 Nf5 50. Nxe6+ Kf7 51. Nc5 Rd1 52. g4 Nxh4 53. e6+
Ke7 54. Ne5 g5+ 55. Ke3 Ra1 56. Nc6+ Ke8 57. Nb4 Ng2+ 58. Kd2 Nf4 59. f3 Rf1
60. Nc6 Rxf3 61. Ne5 Rh3 62. Nf7 Rh2+ 63. Kc3 Ne2+ 64. Kd3 Ng1 65. Nd6+ Kd8 66.
Nf5 Rh3+ 67. Kc2 Rh2+ 68. Kb3 Re2 69. Nb7+ Kc7 70. Nc5 Nf3 71. e7 Nxd4+ 0-1

[Event "9. Lovsprings EMT Basis 3 1997"]
[Site "Ringsted"]
[Date "1997.04.04"]
[Round "3"]
[White "Sparre, Otto"]
[Black "Olsen, Brian"]
[Result "1-0"]
[WhiteElo "1396"]
[BlackElo "1514"]
[PlyCount "57"]
[EventDate "1997.??.??"]

1. e4 e5 2. Nf3 Nc6 3. Bb5 a6 4. Ba4 Nf6 5. O-O Be7 6. Re1 b5 7. Bb3 Bb7 8. c3
O-O 9. d4 d6 10. d5 Na5 11. Bc2 Bc8 12. a4 Bd7 13. Qe2 Ne8 14. axb5 axb5 15.
Bd3 Nb3 16. Rxa8 Qxa8 17. Be3 Qb8 18. Na3 b4 19. Nc2 bxc3 20. bxc3 Qd8 21. Nb4
Na5 22. Qa2 c5 23. Na6 f5 24. Ra1 fxe4 25. Bxe4 Nb7 26. Nxe5 Bf6 27. Nc6 Qc8
28. Qb1 Bxc3 29. Ne7+ 1-0

[Event "9. Lovsprings EMT Basis 3 1997"]
[Site "Ringsted"]
[Date "1997.04.11"]
[Round "4"]
[White "Hansen, John Brangstrup"]
[Black "Nielsen, Poul Erik2"]
[Result "1-0"]
[WhiteElo "1333"]
[BlackElo "1360"]
[PlyCount "43"]
[EventDate "1997.??.??"]

1. d4 Nf6 2. c4 d5 3. Nc3 e6 4. cxd5 exd5 5. Bg5 Be7 6. e3 c6 7. Bd3 O-O 8. Qc2
g6 9. h4 Nh5 10. Bh6 Re8 11. Nf3 Bf6 12. O-O-O Bg4 13. Be2 Ng7 14. Ng1 Bxe2 15.
Ngxe2 Nf5 16. h5 g5 17. Qxf5 Nd7 18. f4 Rxe3 19. fxg5 Bg7 20. g6 Bxh6 21. Qxf7+
Kh8 22. Qxh7# 1-0

[Event "9. Lovsprings EMT Basis 3 1997"]
[Site "Ringsted"]
[Date "1997.04.11"]
[Round "4"]
[White "Jensen, Finn Anker"]
[Black "Majlinder, Hans"]
[Result "0-1"]
[WhiteElo "1294"]
[BlackElo "1515"]
[PlyCount "134"]
[EventDate "1997.??.??"]

1. d4 f5 2. Bg5 Nf6 3. Qd3 e6 4. Nd2 Be7 5. e4 fxe4 6. Nxe4 Nd5 7. Bxe7 Qxe7 8.
Nf3 Nc6 9. a3 b6 10. b4 Bb7 11. g3 Nf6 12. Nxf6+ Qxf6 13. Bg2 O-O 14. O-O a5
15. b5 Nb8 16. Ng5 Qxg5 17. Bxb7 Ra7 18. Be4 Qh5 19. Kg2 d5 20. Bf3 Qg5 21.
Rae1 Qf6 22. Qe3 Kh8 23. Bg4 Re8 24. c3 Nd7 25. Bxe6 Nf8 26. Qf3 Qxf3+ 27. Kxf3
Rxe6 28. Rxe6 Nxe6 29. Re1 Ng5+ 30. Kg4 Ne4 31. f3 Nf6+ 32. Kf5 Ra8 33. Re7 Rf8
34. Ke6 Rc8 35. g4 h6 36. h4 Kg8 37. g5 hxg5 38. hxg5 Nh7 39. f4 Nf8+ 40. Kf5
Kh7 41. Kg4 Ng6 42. Rd7 c5 43. f5 Nf8 44. Rb7 cxd4 45. cxd4 Rc4 46. f6 Rxd4+
47. Kf5 Rd1 48. Rxg7+ Kh8 49. Rb7 d4 50. g6 Rf1+ 51. Ke4 Nxg6 52. Rxb6 Rf4+ 53.
Kd5 d3 54. Rb8+ Kh7 55. Rd8 d2 56. Ke6 Re4+ 57. Kf5 Re5+ 58. Kg4 Re2 59. Kf3
Re6 60. Rd7+ Kg8 61. Rxd2 Rxf6+ 62. Ke4 Rf4+ 63. Ke3 Ra4 64. Rd3 Ne5 65. Ke2
Kf7 66. b6 Nxd3 67. b7 Re4+ 0-1

[Event "9. Lovsprings EMT Basis 3 1997"]
[Site "Ringsted"]
[Date "1997.04.11"]
[Round "4"]
[White "Nielsen, Bjarne"]
[Black "Kroyer, Stefan M"]
[Result "0-1"]
[WhiteElo "1502"]
[BlackElo "1520"]
[PlyCount "44"]
[EventDate "1997.??.??"]

1. d4 d5 2. c4 c6 3. cxd5 cxd5 4. Nc3 Nc6 5. Nf3 e6 6. Bf4 Bd6 7. Bg3 Bxg3 8.
hxg3 Nf6 9. e3 Bd7 10. Bd3 h6 11. Qe2 Qb6 12. Rh4 Rc8 13. e4 dxe4 14. Bxe4 Nxe4
15. Nxe4 Ne7 16. Nc5 Bb5 17. Qd2 Ng6 18. Re4 O-O 19. O-O-O Bc6 20. Re3 Bxf3 21.
gxf3 e5 22. Kb1 exd4 0-1

[Event "9. Lovsprings EMT Basis 3 1997"]
[Site "Ringsted"]
[Date "1997.04.11"]
[Round "4"]
[White "Olsen, Brian"]
[Black "Nilsson, Jonas Gosta"]
[Result "0-1"]
[WhiteElo "1514"]
[BlackElo "1392"]
[PlyCount "64"]
[EventDate "1997.??.??"]

1. e4 c5 2. Nf3 d6 3. d4 cxd4 4. Nxd4 Bd7 5. Nc3 g6 6. Nd5 a6 7. Be3 Bg7 8. c3
Nc6 9. Nxc6 Bxc6 10. Bb6 Qc8 11. Nc7+ Kf8 12. Nxa8 Qxa8 13. Bd3 Nf6 14. Qe2 Nd7
15. Be3 Ne5 16. O-O-O Nxd3+ 17. Qxd3 b5 18. Bd4 Bh6+ 19. Kb1 Bxe4 20. Bxh8
Bxd3+ 21. Rxd3 Qe4 22. Rhd1 f6 23. f3 Qe6 24. Rd4 Kg8 25. Re4 Qf5 26. Bxf6 Qxf6
27. Rde1 Qf5 28. Ka1 Bf8 29. g3 Qxf3 30. Rf4 Qd3 31. Ref1 Bg7 32. Rf7 Bf6 0-1

[Event "9. Lovsprings EMT Basis 3 1997"]
[Site "Ringsted"]
[Date "1997.04.11"]
[Round "4"]
[White "Petersen, Torben William"]
[Black "Reinager, Gunnar"]
[Result "1-0"]
[WhiteElo "1330"]
[BlackElo "1321"]
[PlyCount "29"]
[EventDate "1997.??.??"]

1. d4 d5 2. c4 c6 3. Nc3 Nf6 4. Bg5 e6 5. cxd5 exd5 6. e3 Be7 7. Nf3 Nbd7 8.
Bd3 h6 9. Bh4 Qb6 10. Qc2 c5 11. O-O cxd4 12. Nxd4 Nc5 13. Bxf6 Bxf6 14. Nxd5
Qd6 15. Bb5+ 1-0

[Event "9. Lovsprings EMT Basis 3 1997"]
[Site "Ringsted"]
[Date "1997.04.18"]
[Round "5"]
[White "Jensen, Finn Anker"]
[Black "Jensen, Agner2"]
[Result "1-0"]
[WhiteElo "1294"]
[BlackElo "1364"]
[PlyCount "43"]
[EventDate "1997.??.??"]

1. d4 d5 2. c4 dxc4 3. e3 e6 4. Bxc4 Nf6 5. Nf3 a6 6. a4 c5 7. Nc3 cxd4 8. Nxd4
Bb4 9. Bd2 O-O 10. O-O Bd6 11. f4 Nbd7 12. e4 e5 13. Nf5 Nc5 14. fxe5 Bxe5 15.
Bg5 Qc7 16. Bxf6 Bxf6 17. Nd5 Qe5 18. Nh6+ Kh8 19. Nxf6 gxh6 20. Qh5 Qd4+ 21.
Rf2 Qxc4 22. Qxh6 1-0

[Event "9. Lovsprings EMT Basis 3 1997"]
[Site "Ringsted"]
[Date "1997.04.18"]
[Round "5"]
[White "Nielsen, Bjarne"]
[Black "Sparre, Otto"]
[Result "0-1"]
[WhiteElo "1502"]
[BlackElo "1396"]
[PlyCount "96"]
[EventDate "1997.??.??"]

1. d4 d5 2. c4 e6 3. Nc3 Nc6 4. cxd5 exd5 5. Nf3 Bb4 6. a3 Ba5 7. Bg5 Nf6 8. e3
h6 9. Bh4 g5 10. Bg3 Ne4 11. Rc1 Nxg3 12. hxg3 g4 13. Nh4 a6 14. b4 Bb6 15. Bd3
Ne7 16. Ne2 Qd6 17. Nf4 a5 18. Qa4+ Bd7 19. b5 O-O-O 20. O-O Rhg8 21. Qb3 Kb8
22. Rc3 Rg5 23. Rfc1 h5 24. Qb1 Qf6 25. Qc2 Ka7 26. Rxc7 Bxc7 27. Qxc7 Qb6 28.
Qc5 Rc8 29. Qxe7 Rxc1+ 30. Kh2 Bxb5 31. Qxg5 Bxd3 32. Qxd5 Bc4 33. Qxh5 Ka6 34.
Qh8 Be6 35. Nd3 Rc8 36. Qe5 Ka7 37. Nc5 Qb5 38. Qd6 Rc6 39. Qe7 Bd5 40. Qf8 Rc7
41. Nf5 Qc6 42. Ne7 Rxe7 43. Qxe7 Bxg2 44. e4 Bf3 45. Qg5 Qe8 46. Nb3 a4 47.
Nd2 Qh8+ 48. Qh4 Qxh4+ 0-1

[Event "9. Lovsprings EMT Basis 3 1997"]
[Site "Ringsted"]
[Date "1997.04.18"]
[Round "5"]
[White "Nielsen, Poul Erik2"]
[Black "Petersen, Torben William"]
[Result "0-1"]
[WhiteElo "1360"]
[BlackElo "1330"]
[PlyCount "124"]
[EventDate "1997.??.??"]

1. c4 Nf6 2. Nc3 e6 3. d4 d5 4. Nf3 c6 5. cxd5 exd5 6. a3 Bd6 7. Bg5 O-O 8. e3
Nbd7 9. Be2 Re8 10. O-O Nf8 11. Re1 Ng6 12. Bd3 Be7 13. Qc2 Bg4 14. Nd2 Qd6 15.
f3 Bd7 16. Rad1 Bd8 17. Kh1 Bc7 18. Nf1 Rac8 19. e4 dxe4 20. fxe4 Qxd4 21. Ba6
Qb6 22. Bxb7 Qxb7 23. Bxf6 gxf6 24. Rxd7 Rcd8 25. Red1 Rxd7 26. Rxd7 Rd8 27.
Rxd8+ Bxd8 28. Qd3 Bb6 29. b4 Qc7 30. Na4 Qf4 31. Nxb6 axb6 32. Ne3 Qe5 33. h3
Qa1+ 34. Kh2 Qe5+ 35. Kg1 Qa1+ 36. Kf2 Qb2+ 37. Kg1 Qa1+ 38. Nf1 Ne5 39. Qg3+
Kf8 40. Qe3 Nc4 41. Qd3 b5 42. Kh2 Qe5+ 43. g3 Qb2+ 44. Kg1 Qxa3 45. Qd8+ Kg7
46. Qe7 Ne5 47. Qc5 Qf3 48. Qe3 Qxe3+ 49. Nxe3 Nd3 50. Nc2 Kg6 51. Kf1 f5 52.
exf5+ Kxf5 53. Nd4+ Ke4 54. Nxc6 Kd5 55. Ke2 Nc1+ 56. Kd2 Kxc6 57. Kxc1 Kd5 58.
Kb2 Kd4 59. Kb3 Kd3 60. g4 h6 61. h4 f6 62. g5 fxg5 0-1

[Event "9. Lovsprings EMT Basis 3 1997"]
[Site "Ringsted"]
[Date "1997.04.18"]
[Round "5"]
[White "Nilsson, Jonas Gosta"]
[Black "Kroyer, Stefan M"]
[Result "0-1"]
[WhiteElo "1392"]
[BlackElo "1520"]
[PlyCount "124"]
[EventDate "1997.??.??"]

1. e4 c6 2. c4 e6 3. Nc3 d5 4. cxd5 cxd5 5. exd5 exd5 6. Nf3 Nf6 7. d4 a6 8. a3
Nc6 9. Bd3 Bg4 10. Be3 Bd6 11. O-O O-O 12. h3 Bh5 13. Be2 Re8 14. Re1 h6 15.
Qd2 Na5 16. Qc2 Rc8 17. Nd2 Bxe2 18. Rxe2 Qc7 19. Qf5 Qd8 20. Rae1 Bxa3 21.
Nxd5 Nxd5 22. bxa3 Nc3 23. Kh1 Nxe2 24. Rxe2 Nc6 25. Qg4 Kh8 26. Nf3 f6 27. Rd2
Ne7 28. Nh4 Qd6 29. Rb2 b5 30. Ng6+ Nxg6 31. Qxg6 Kg8 32. Rb1 Qxa3 33. Kh2 Qd6+
34. g3 Qe7 35. Re1 Qf7 36. Qf5 Rcd8 37. Rc1 Rd5 38. Qg4 Kh8 39. h4 Qh5 40. Qf4
Qf5 41. Qc7 Qd7 42. Qa5 Rxd4 43. Bxd4 Qxd4 44. Rf1 Qd6 45. Kg1 b4 46. Qa4 Rb8
47. Re1 f5 48. Rb1 Qb6 49. Qc2 Qb5 50. Qb3 a5 51. Ra1 Rd8 52. h5 Qd5 53. Qa4 b3
54. Re1 Rd7 55. Rb1 Rb7 56. Qe8+ Qg8 57. Qc6 Rb8 58. Qa4 Qd5 59. Qf4 Qb5 60.
Qd6 b2 61. Qa3 a4 62. Kh2 Qb4 0-1

[Event "9. Lovsprings EMT Basis 3 1997"]
[Site "Ringsted"]
[Date "1997.04.18"]
[Round "5"]
[White "Olsen, Brian"]
[Black "Mortensen, Orla Lind"]
[Result "1-0"]
[WhiteElo "1514"]
[BlackElo "1314"]
[PlyCount "89"]
[EventDate "1997.??.??"]

1. e4 e6 2. d4 d5 3. e5 c5 4. c3 Nc6 5. Nf3 Qb6 6. Be2 cxd4 7. cxd4 Nge7 8. Nc3
Nf5 9. Bb5 Bd7 10. Bxc6 Bxc6 11. O-O Be7 12. Ne2 Bb5 13. Re1 Rc8 14. Ng3 Nxg3
15. hxg3 h5 16. Bg5 Qd8 17. Bxe7 Qxe7 18. Qb3 Bc4 19. Qa4+ b5 20. Qa6 Rc7 21.
b3 Bd3 22. Rad1 Be4 23. Qxb5+ Rd7 24. Rc1 O-O 25. Rc5 Rb7 26. Qa5 Rfb8 27. Rec1
Kh7 28. Rc7 Qd8 29. Qc5 Kh6 30. Qc3 g5 31. Rxb7 Rxb7 32. Qc6 Rb4 33. Qc5 Rb7
34. Qa3 a5 35. Rc5 Ra7 36. Qc1 a4 37. Rc8 Qe7 38. Rh8+ Kg6 39. Nh4+ Kg7 40. Qc8
Bh7 41. Re8 Qb4 42. Qd8 Qe1+ 43. Kh2 Qxf2 44. Nf3 Kh6 45. Qxg5# 1-0